Cuentas departamentales de Colombia : (Registro nro. 8537)

Detalles MARC
000 -LEADER
fixed length control field 01046nam a2200229Ia 4500
003 - CONTROL NUMBER IDENTIFIER
control field OSt
005 - DATE AND TIME OF LATEST TRANSACTION
control field 20210909160629.0
008 - FIXED-LENGTH DATA ELEMENTS--GENERAL INFORMATION
fixed length control field 210310s1992 ck ad gr 000 0 spa d
040 ## - CATALOGING SOURCE
Original cataloging agency CO-JMCR
Transcribing agency CO-JMCR
041 0# - LANGUAGE CODE
Language code of text/sound track or separate title spa
082 04 - DEWEY DECIMAL CLASSIFICATION NUMBER
Classification number 339.30986 /
Item number C313c
Edition number 23
100 1# - MAIN ENTRY--PERSONAL NAME
Personal name Carrasco Pinzón, Néstor,
9 (RLIN) 17560
Relator term autor
245 10 - TITLE STATEMENT
Title Cuentas departamentales de Colombia :
Remainder of title 1980-1989 /
Statement of responsibility, etc. [publicación elaborada por: Néstor Carrasco Pinzón, Edgar Forero Medina, Marco Tulio Mahecha Ordóñez [y otros 2]]
260 ## - PUBLICATION, DISTRIBUTION, ETC.
Place of publication, distribution, etc. Bogotá :
Name of publisher, distributor, etc. DANE,
Date of publication, distribution, etc. 1992
300 ## - PHYSICAL DESCRIPTION
Extent 235 páginas :
Other physical details ilustraciones y gráficas a blanco y negro ;
Dimensions 28 cm.
505 0# - FORMATTED CONTENTS NOTE
Formatted contents note Métodos de estimación -- Producto interno bruto total y por habitante y actividades económicas -- Principales resultados por departamentos
650 14 - SUBJECT ADDED ENTRY--TOPICAL TERM
Topical term or geographic name entry element Rentas nacionales
9 (RLIN) 17562
Chronological subdivision 1980-1989
Geographic subdivision Colombia
650 24 - SUBJECT ADDED ENTRY--TOPICAL TERM
Topical term or geographic name entry element Producto nacional bruto
Chronological subdivision 1980-1989
Geographic subdivision Colombia
9 (RLIN) 40213
700 1# - ADDED ENTRY--PERSONAL NAME
Personal name Forero Medina, Edgar,
Relator term autor
9 (RLIN) 40214
700 1# - ADDED ENTRY--PERSONAL NAME
Personal name Mahecha Ordóñez, Marco Tulio,
Relator term autor
9 (RLIN) 40215
942 ## - ADDED ENTRY ELEMENTS (KOHA)
Source of classification or shelving scheme Dewey Decimal Classification
Koha item type Books
Existencias
Withdrawn status Lost status Source of classification or shelving scheme Damaged status Not for loan Collection code Home library Current library Date acquired Source of acquisition Full call number Barcode Date last seen Copy number Koha item type
    Dewey Decimal Classification     Non-fiction Biblioteca Pública José María del Castillo y Rada Biblioteca Pública José María del Castillo y Rada 04/15/2018 Donación 339.30986 / C313c 430006217 05/16/2024 Ej.1 Books